000 00369nam a2200133Ia 4500
008 240624s9999 xx 000 0 und d
041 _aeng
082 _a332.2054 KAM
100 _aKAMDAR SANGITA
245 _aMICROFINANCE SELF EMPLOYMENT AND POVERTY
260 _c2007
_aNew Delhi
_bHimalaya Publishing House
300 _axx, : 268 : p. : cm. ; 22
365 _cRS
_b25
999 _c12086
_d12086